| 000 | 00441cam a2200181ua 4500 | ||
|---|---|---|---|
| 001 | 8606 | ||
| 008 | 170610n ii |||gr||||Z||||||eng | ||
| 040 | _cMAIN | ||
| 041 | _aeng | ||
| 082 | _a415 | ||
| 100 |
_aSarkar, P. K. D., _eAuthor., |
||
| 245 |
_aText-book of higher english grammar and composition _cBy P. K. De Sarkar |
||
| 250 | _a40th. | ||
| 260 |
_aCalcutta: _bBook, _c1997. |
||
| 300 | _a550p. | ||
| 653 | _aGrammar | ||
| 942 | _cBK | ||
| 999 |
_c7706 _d7706 |
||